Indian women through the ages (Record no. 57463)

MARC details
000 -LEADER
fixed length control field 00765cam a22002411 4500
001 - CONTROL NUMBER
control field sa 64002689
003 - CONTROL NUMBER IDENTIFIER
control field DLC
005 - DATE AND TIME OF LATEST TRANSACTION
control field 20260227112011.0
008 - FIXED-LENGTH DATA ELEMENTS--GENERAL INFORMATION
fixed length control field 751229s1964 vp 000 0 eng
010 ## - LIBRARY OF CONGRESS CONTROL NUMBER
LC control number sa 64002689
035 ## - SYSTEM CONTROL NUMBER
System control number (OCoLC)1904459
040 ## - CATALOGING SOURCE
Original cataloging agency DLC
Transcribing agency FMU
Modifying agency OCoLC
-- DLC
050 00 - LIBRARY OF CONGRESS CALL NUMBER
Classification number HQ1742
Item number .T48
082 ## - DEWEY DECIMAL CLASSIFICATION NUMBER
Classification number 396.0954
100 1# - MAIN ENTRY--PERSONAL NAME
Personal name Thomas, Paul,
Dates associated with a name 1910-
245 10 - TITLE STATEMENT
Title Indian women through the ages
Remainder of title historical survey of the position of women and the institutions of marriage and family in India from trmote antiquity to the present day.
260 ## - PUBLICATION, DISTRIBUTION, ETC.
Place of publication, distribution, etc. Bombay,
-- New York
Name of publisher, distributor, etc. Asia Pub. House
Date of publication, distribution, etc. 1964.
300 ## - PHYSICAL DESCRIPTION
Extent 392 p.
Dimensions 23 cm.
650 #0 - SUBJECT ADDED ENTRY--TOPICAL TERM
Topical term or geographic name entry element Women
Geographic subdivision India
650 #0 - SUBJECT ADDED ENTRY--TOPICAL TERM
Topical term or geographic name entry element Women
General subdivision History.
650 #0 - SUBJECT ADDED ENTRY--TOPICAL TERM
Topical term or geographic name entry element Families
Geographic subdivision India
650 #0 - SUBJECT ADDED ENTRY--TOPICAL TERM
Topical term or geographic name entry element Marriage
Geographic subdivision India

No items available.

Powered by Koha